Normal view
MARC view
- Qasmani, Mavra Eman
Entry Personal Name
001 - CONTROL NUMBER
- control field: 130560
003 - CONTROL NUMBER IDENTIFIER
- control field: NUST
005 - DATE AND TIME OF LATEST TRANSACTION
- control field: 20250922130213.0
008 - FIXED-LENGTH DATA ELEMENTS
- fixed length control field: 250922|| aca||aabn | a|a d
040 ## - CATALOGING SOURCE
- Original cataloging agency: NUST
- Transcribing agency: NUST
100 ## - HEADING--PERSONAL NAME
- Personal name: Qasmani, Mavra Eman
670 ## - SOURCE DATA FOUND
- Source citation: Work cat.: (NUST): Qasmani, Mavra Eman, The Moderating Role of Emotional Intelligence: Unraveling the Link Between Workplace Ostracism, Employee Silence, and Cognitive Cynicism/
